000 01713pam a2200349 a 4500
001 3073393
005 20050922190336.0
008 971208s1998 nyu |rb 001 0 eng
010 _a 97047687
020 _a0333658337
020 _a0333658329
040 _aDLC
_cDLC
_dDLC
043 _aae-----
_aas-----
050 0 0 _aHC460.5
_b.T56 1998
082 0 0 _a330.95
_bTIP
100 1 _aTipton, Frank B.,
_d1943-
_921203
245 1 4 _aThe Rise of Asia :
_bEconomy, Society, and Politics in Contemporary Asia /
_cFrank B. Tipton.
260 _aNew York :
_bPalgrave Macmillan, 1998
_cc 1998.
300 _axiv, 527 p. ;
_c22 cm.
504 _aIncludes bibliographical references (p. 485-512) and index.
651 0 _aEast Asia
_xEconomic conditions.
_921204
651 0 _aSoutheast Asia
_xEconomic conditions.
_921205
651 0 _aEast Asia
_xSocial conditions.
_921206
651 0 _aSoutheast Asia
_xSocial conditions.
_921207
651 0 _aEast Asia
_xPolitics and government.
_921208
651 0 _aSoutheast Asia
_xPolitics and government.
_921209
942 _2ddc
_cBB
999 _c14838
_d14838